| 000 | 01432cam a2200421 i 4500 | ||
|---|---|---|---|
| 001 | 1396734 | ||
| 003 | SIRSI | ||
| 005 | 20200311125218.0 | ||
| 008 | 750203t19751965nyu 000 1 eng | ||
| 010 | _a 75002417 | ||
| 020 | _a9780374511715 (pbk.) | ||
| 020 | _a0374511713 (pbk.) | ||
| 020 | _a0374107017 | ||
| 020 | _a9780374107017 | ||
| 040 |
_aDLC _cDLC _dBAKER _dBTCTA _dYDXCP _dTOH |
||
| 041 | 0 | _aengspa | |
| 050 | 0 | 0 |
_aPZ4.F952 _bAu7 _aPQ7297.F793 |
| 100 | 1 | _aFuentes, Carlos. | |
| 240 | 1 | 0 |
_aAura. _lEnglish & Spanish. |
| 245 | 1 | 0 |
_aAura / _cCarlos Fuentes ; [translated by Lysander Kemp]. |
| 250 | _a1st bilingual ed. | ||
| 260 |
_a[New York : _bFarrar, Straus and Giroux], _c1975, c1965. |
||
| 300 |
_a145 p. ; _c21 cm. |
||
| 500 | _aTranslation of: Aura. | ||
| 520 | _aA young scholar falls passionately in love with the niece of an aged widow and discovers the true relationship between the two women. | ||
| 546 | _aEnglish and Spanish. | ||
| 650 | 0 | _aSpanish fiction. | |
| 650 | 0 | _aMexican fiction. | |
| 650 | 0 |
_aBilingual books _vFiction. |
|
| 650 | 0 |
_aBilingual books _xSpanish _vFiction. |
|
| 650 | 0 |
_aSpanish fiction _vTranslations into English. |
|
| 650 | 0 |
_aMexican fiction _vTranslations into English. |
|
| 650 | 0 |
_aScience fiction, Spanish _vTranslations into English. |
|
| 650 | 0 | _aScience fiction, Spanish. | |
| 655 | 0 | _aLove stories. | |
| 655 | 0 | _aHorror tales. | |
| 942 |
_cBK _2ddc |
||
| 999 |
_c24385 _d24385 |
||